Les Simpson et le grand trombinoscope - Statistiques

Statistiques générales
  • Ce quiz a été pris 1 970 fois
    630 depuis la dernière actualisation
  • Le résultat moyen est 51 sur 100
Statistiques - réponses
Hint Réponse % Correct
Marge Simpson
79%
Homer Simpson
77%
Bart Simpson
76%
Krusty
76%
Maggie Simpson
76%
Lisa Simpson
76%
Abraham Simpson
74%
Petit Papa Noël
74%
Ned Flanders
74%
Milhouse Van Houten
74%
Charles Montgomery Burns
73%
Otto Bus
73%
Apu Nahasapeemapetilon
72%
Tahiti Bob
72%
Moe Szyslak
72%
Nelson Muntz
71%
Seymour Skinner
71%
Gros Tony
71%
Ralph Wiggum
70%
Boule de Neige II
70%
Sarah Wiggum
69%
Maude Flanders
69%
Manjula Nahasapeemapetilon
68%
Kirk Van Houten
68%
Edna Krapabelle
68%
Disco Stu
68%
Sherri / Terri
68%
Clancy Wiggum
67%
Luann Van Houten
67%
Waylon Smithers
67%
Willie
65%
Barney Gumble
65%
Itchy
65%
Agnes Skinner
65%
Le Serpent
65%
Joe Quimby
62%
Selma Bouvier
62%
Kent Brockman
62%
Luigi Risotto
61%
Cletus Spuckler
61%
Jacqueline Bouvier
61%
Helen Lovejoy
60%
Martin Prince
60%
Lenny Leonard
60%
Carl Carlson
59%
Mona Simpson
59%
Scratchy
59%
Kang / Kodos
58%
Todd Flanders
57%
Timothy Lovejoy
56%
Jimbo Jones
55%
Patty Bouvier
54%
Riche Texan
54%
Rod Flanders
54%
Julius Hibbert
52%
Artie Ziff
51%
Elizabeth Hoover
50%
Hans Taupeman
50%
Tahiti Mel
49%
M. Teeny
48%
John Frink
48%
Drederick Tatum
47%
Sanjay Nahasapeemapetilon
47%
Lou
47%
Gary Chalmers
45%
Bernice Hibbert
44%
Cookie Kwan
43%
Rainier Wolfcastle
43%
Troy McClure
43%
Brandine Spuckler
43%
Franck Grimes
42%
Jessica Lovejoy
42%
Shauna Chalmers
39%
Nick Rivera
37%
Murphy Gencives Sanglantes
36%
Jasper Beardley
35%
Eddie
34%
Marvin Monroe
33%
Gil Gunderson
33%
Arnie Pye
30%
Hank Scorpio
30%
Kearney Zzyzwicz
29%
Rex Banner
28%
Database
26%
Lindsey Naegle
26%
Herbert Powell
26%
Lionel Hutz
26%
Janey Powell
25%
Cecil Terwilliger
25%
Dolph Starbeam
23%
Louie
23%
Dewey Largo
21%
Ruth Powers
20%
Herman
20%
Horatio McCallister
19%
Russ Cargill
16%
Jeff Albertson
16%
Declan Desmond
15%
Roy Snyder
12%
Raphael
11%
Aucun quiz correspondant
Distribution des résultats
% des personnes avec chaque résultat
Percentile par nombre de réponses
Votre historique - résultats
Vous n’avez pas pris ce quiz depuis la dernière actualisation